مكتبة جامعة عجلون الوطنية

فهرس بحث المكتبة

Normal view MARC view
  • AL-Swaeer,Abrar Ja'far

Entry Personal Name

Number of records used in: 1

001 - CONTROL NUMBER

  • control field: 6599

003 - CONTROL NUMBER IDENTIFIER

  • control field: JO-AjAnu

005 - DATE AND TIME OF LATEST TRANSACTION

  • control field: 20230606071353.0

008 - FIXED-LENGTH DATA ELEMENTS

  • fixed length control field: 230606|| aca||aabn | a|a d

040 ## - CATALOGING SOURCE

  • Original cataloging agency: JO-AjAnu
  • Transcribing agency: JO-AjAnu

100 ## - HEADING--PERSONAL NAME

  • Personal name: AL-Swaeer,Abrar Ja'far

670 ## - SOURCE DATA FOUND

  • Source citation: Work cat.: (JO-AjAnu)3420: AL-Swaeer,Abrar Ja'far, author, HUMAN RIGHTS ASSESSMENT IN THE TOURISM SECTOR:CASE STUDY FROM JORDAN